Insect Bioecology andNutrition for Integrated pest Management. (Record no. 7953)

MARC details
000 -LEADER
fixed length control field 00583nam a22001937a 4500
003 - CONTROL NUMBER IDENTIFIER
control field OSt
005 - DATE AND TIME OF LATEST TRANSACTION
control field 20220808154724.0
008 - FIXED-LENGTH DATA ELEMENTS--GENERAL INFORMATION
fixed length control field 220808b ||||| |||| 00| 0 eng d
020 ## - INTERNATIONAL STANDARD BOOK NUMBER
International Standard Book Number 9781439837085
040 ## - CATALOGING SOURCE
Transcribing agency DDC
082 ## - DEWEY DECIMAL CLASSIFICATION NUMBER
Classification number 632.95 INS 2012
100 ## - MAIN ENTRY--PERSONAL NAME
Personal name Antonio, Panizzi R; JoseR.P. Parra
9 (RLIN) 16153
245 ## - TITLE STATEMENT
Title Insect Bioecology andNutrition for Integrated pest Management.
260 ## - PUBLICATION, DISTRIBUTION, ETC. (IMPRINT)
Place of publication, distribution, etc. Broken Sound Parkway:
Name of publisher, distributor, etc. Taylor and Francis Group;
Date of publication, distribution, etc. c2012
300 ## - PHYSICAL DESCRIPTION
Extent xvii,732p:
Other physical details ill;
Dimensions 25cm.
504 ## - BIBLIOGRAPHY, ETC. NOTE
Bibliography, etc Includes Index.
650 ## - SUBJECT ADDED ENTRY--TOPICAL TERM
Topical term or geographic name as entry element Insect Bioecology .
9 (RLIN) 16154
942 ## - ADDED ENTRY ELEMENTS (KOHA)
Source of classification or shelving scheme Dewey Decimal Classification
Koha item type Book
Holdings
Withdrawn status Lost status Source of classification or shelving scheme Damaged status Not for loan Home library Current library Date acquired Source of acquisition Inventory number Total Checkouts Full call number Barcode Date last seen Price effective from Koha item type
    Dewey Decimal Classification     MUST Main Library MUST Main Library 08/08/2022 Purchase 22/41972   632.95 INS 2012 2022-0777 08/08/2022 08/08/2022 Book